សត្វទាំង ១២ (Record no. 1109)

MARC details
000 -LEADER
fixed length control field 01300nam a22002897a 4500
005 - DATE AND TIME OF LATEST TRANSACTION
control field 20230804080823.0
020 ## - INTERNATIONAL STANDARD BOOK NUMBER
International Standard Book Number 9789924340287
040 ## - CATALOGING SOURCE
Original cataloging agency FISKH
Language of cataloging eng
Transcribing agency FISKH
Modifying agency FISKH
082 ## - DEWEY DECIMAL CLASSIFICATION NUMBER
Classification number 133.52
100 ## - MAIN ENTRY--PERSONAL NAME
Personal name Vanthary, Oum
245 ## - TITLE STATEMENT
Title សត្វទាំង ១២
246 ## - VARYING FORM OF TITLE
Title proper/short title 12 Zodiac Animals
250 ## - EDITION STATEMENT
Edition statement Second Printing April, 2021.
260 ## - PUBLICATION, DISTRIBUTION, ETC.
Place of publication, distribution, etc. Phnom Penh :
Name of publisher, distributor, etc. Sipar,
Date of publication, distribution, etc. 2021.
300 ## - PHYSICAL DESCRIPTION
Extent 12 unnumbered pages :
Other physical details color illustrations ;
Dimensions 17 cm.
505 ## - FORMATTED CONTENTS NOTE
Formatted contents note aa
520 ## - SUMMARY, ETC.
Summary, etc. ណែនាំអោយកុមារតូចបានស្គាល់ពីឈ្មោះឆ្នាំសត្វទាំង ១២ នៅក្នុងប្រទេស​កម្ពុជា។​
520 ## - SUMMARY, ETC.
Summary, etc. Basic vocabulary is introduced to children with paintings of 12 zodiac animals that is used for Cambodian years.
521 ## - TARGET AUDIENCE NOTE
Target audience note 10
Source Lexile estimate
521 ## - TARGET AUDIENCE NOTE
Target audience note aa<br/>
Source Raz-Plus <br/>
650 ## - SUBJECT ADDED ENTRY--TOPICAL TERM
Topical term or geographic name entry element ឆ្នាំសត្វ
Form subdivision ពាក្យមូលដ្ឋាន
General subdivision ឆ្នាំសត្វនៅក្នុងប្រទេស​កម្ពុជា
650 ## - SUBJECT ADDED ENTRY--TOPICAL TERM
Topical term or geographic name entry element Zodiac animals
Form subdivision Basic vocabulary
General subdivision Cambodia zodiac sign
700 ## - ADDED ENTRY--PERSONAL NAME
Personal name Visoth, Seng
Titles and other words associated with a name illustrator
942 ## - ADDED ENTRY ELEMENTS (KOHA)
Source of classification or shelving scheme Dewey Decimal Classification
Koha item type Books
Suppress in OPAC No
999 ## -
-- 1109
-- 1109
Holdings
Withdrawn status Lost status Source of classification or shelving scheme Damaged status Not for loan Collection Home library Current library Shelving location Date acquired Total Checkouts Full call number Barcode Date last seen Date last checked out Copy number Price effective from Koha item type
    Dewey Decimal Classification     Khmer-English Bilingual / ភាសាខ្មែរ-អង់គ្លេស Footprints International School Library Network Toul Kork Campus Footprints International School Library Network Toul Kork Campus TK Campus, Room B402, Khmer Book Case 16, Shelves 112-123 / ទូរសៀវភៅខ្មែរលេខ ១៦​ ធ្នើរ ១១២ ដល់ ១២៣ បន្ទប់ B402 សាខាទួលគោក 07/31/2023 1 VAN 133.52 2023-0157 02/14/2025 12/04/2024 1 07/31/2023 Books
    Dewey Decimal Classification     Khmer-English Bilingual / ភាសាខ្មែរ-អង់គ្លេស Footprints International School Library Network Toul Kork Campus Footprints International School Library Network Toul Kork Campus TK Campus, Room B402, Khmer Book Case 16, Shelves 112-123 / ទូរសៀវភៅខ្មែរលេខ ១៦​ ធ្នើរ ១១២ ដល់ ១២៣ បន្ទប់ B402 សាខាទួលគោក 07/31/2023 1 VAN 133.52 2023-0164 04/01/2026 03/02/2026 2 07/31/2023 Books